| 000 | 00697nam a2200181 a 4500 | ||
|---|---|---|---|
| 001 | 000043218 | ||
| 005 | 20201002040730.0 | ||
| 008 | 140225s2012 pr ac 000 0 spa d | ||
| 040 |
_aDO-SdBNP _bspa _cBNPHU |
||
| 082 |
_axxx _bxxx |
||
| 245 | 0 | 3 |
_aUn siglo de lucha educativa / _ceditores ; Eloy Antonio Ruiz-Rivera, Nilda García Santiago. |
| 260 |
_aSan Juan, Puerto Rico : _bAsociación de Maestros de Puerto Rico, _c2012. |
||
| 300 |
_a372 p. : _bil., retrs. ; _c28 cm. |
||
| 504 | _aBibliografía : p. 104-105 | ||
| 500 | _aIncluye referencias bibliográficas y notas al pie de las páginas. | ||
| 700 | 1 | 2 |
_aRuiz-Rivera, Eloy Antonio _eed. _970811 |
| 700 | 1 | 2 |
_aNilda García Santiago _eed. _970812 |
| 999 |
_c42707 _d42707 |
||